[Event "Budapest FS08 Elo"]
[Site "Budapest"]
[Date "1999.??.??"]
[Round "2"]
[White "Aliamo, R."]
[Black "Levi, Nisan"]
[Result "1-0"]
[WhiteElo "2065"]
[BlackElo "2090"]
[PlyCount "77"]
[EventDate "1999.??.??"]
[EventType "tourn"]
[EventRounds "9"]
[EventCountry "HUN"]
[SourceTitle "EXT 2000"]
[Source "ChessBase"]
[SourceDate "1999.11.16"]
[SourceVersion "1"]
[SourceVersionDate "1999.11.16"]
[SourceQuality "1"]

1. e4 c5 2. Nc3 a6 3. f4 e6 4. Nf3 Qc7 5. d3 d6 6. g3 g6 7. Bg2 Bg7 8. 0-0 Ne7 9. Ne2 0-0 10. c3 e5 11. Be3 Nbc6 12. Qd2 f5 13. Rae1 Bd7 14. Kh1 Rae8 15. fxe5 Nxe5 16. Bh6 Be6 17. Bxg7 Kxg7 18. Ng5 Bd7 19. Nf4 Qc8 20. d4 Nf7 21. Nge6+ Bxe6 22. Nxe6+ Qxe6 23. exf5 Qd7 24. f6+ Kg8 25. fxe7 Rxe7 26. Bd5 Rxe1 27. Rxe1 Kg7 28. Qe3 b6 29. Qe7 Qf5 30. Bb3 Qf2 31. Bc4 Qf3+ 32. Kg1 cxd4 33. cxd4 d5 34. Bxa6 Qg4 35. Qe3 Ng5 36. Be2 Nh3+ 37. Kg2 Qd7 38. Bf3 Kg8 39. Qe5 1-0

[Event "Budapest FS08 Elo"]
[Site "Budapest"]
[Date "1999.??.??"]
[Round "7"]
[White "Jansen, Frank"]
[Black "Aliamo, R."]
[Result "0-1"]
[WhiteElo "2100"]
[BlackElo "2065"]
[PlyCount "52"]
[EventDate "1999.??.??"]
[EventType "tourn"]
[EventRounds "9"]
[EventCountry "HUN"]
[SourceTitle "EXT 2000"]
[Source "ChessBase"]
[SourceDate "1999.11.16"]
[SourceVersion "1"]
[SourceVersionDate "1999.11.16"]
[SourceQuality "1"]

1. c4 e5 2. Nc3 Nc6 3. Nf3 f5 4. d4 e4 5. Nd2 Nf6 6. e3 d6 7. Be2 g6 8. 0-0 Bg7 9. f3 exf3 10. Bxf3 0-0 11. Nb3 Bd7 12. Bd2 Be8 13. g3 Bf7 14. d5 Ne5 15. Be2 Qe7 16. Qc2 c6 17. dxc6 bxc6 18. Nd4 c5 19. Nf3 Nxc4 20. Ng5 Nxe3 21. Qc1 Nxf1 22. Qxf1 d5 23. Nxf7 Rxf7 24. Bg5 Qe5 25. Rc1 Qd4+ 26. Kg2 Ne4 0-1